Fundamentos de animación sociocultural
Na minha lista:
| Autor principal: | |
|---|---|
| Formato: | Livro |
| Idioma: | espanhol |
| Publicado em: |
Madrid
Narcea
1986
|
| Edição: | 2a. ed |
| Assuntos: | |
| Tags: |
Adicionar Tag
Sem tags, seja o primeiro a adicionar uma tag!
|
MARC
| LEADER | 00000nam a2200000 a 4500 | ||
|---|---|---|---|
| 001 | UCS2973 | ||
| 003 | CL-VaPUC | ||
| 008 | 970609e19860000SP |||||||||||||||||spa|d | ||
| 082 | 0 | 4 | |a 302.3 |b QUI |2 21 |
| 100 | 0 | |a Quintana, J. M |e author |9 388886 | |
| 245 | 1 | 0 | |a Fundamentos de animación sociocultural |
| 250 | |a 2a. ed | ||
| 300 | |a 316 p | ||
| 942 | |c BK | ||
| 945 | |d 19970609 00:00:00 |a amoreno | ||
| 260 | |a Madrid |b Narcea |c 1986 | ||
| 650 | 0 | |a Animación sociocultural |9 388887 | |
| 650 | 0 | |a Adultos |9 335034 | |
| 650 | 7 | |a EDUCACION SOCIAL |2 CL-VaPUC |9 330279 | |
| 650 | 7 | |a MEDIO RURAL |2 CL-VaPUC |9 356509 | |
| 650 | 0 | |a Metodología |9 256610 | |
| 583 | |a last modification |c 19970609 00:00:00 |k Rodrigo Vera | ||
| 999 | |c 260845 |d 260843 | ||
| 952 | |0 0 |1 0 |4 0 |6 302_300000000000000_QUI_1986 |7 0 |8 P |9 287366 |a BIBEDU |b BIBEDU |c BIBEDU_PB |d 2019-11-19 |i 3311678 |o 302.3 QUI 1986 |p 3311678 |r 2019-11-19 |w 2019-11-19 |y BK |k EDU | ||